Pays les plus proches de l'Inde (avec une carte) - Statistiques

Statistiques générales
  • Ce quiz a été pris 742 fois
  • Le résultat moyen est 13 sur 20
Réponses sur la Carte
Les réponses sont colorées sur une échelle allant du rouge au vert en fonction du pourcentage des utilisateurs qui les ont devinées à leur premier essai. Vous pouvez retrouver ces pourcentages ci-dessous.
 
Statistiques - réponses
pays % Correct
Chine
95%
Népal
89%
Pakistan
88%
Bangladesh
82%
Birmanie
78%
Sri Lanka
78%
Bhoutan
77%
Afghanistan
71%
Thaïlande
69%
Laos
66%
Iran
56%
Viêt Nam
56%
Tadjikistan
54%
Maldives
53%
Indonésie
50%
Kirghizistan
49%
Ouzbékistan
49%
Turkménistan
46%
Kazakhstan
45%
Malaisie
42%
Aucun quiz correspondant
Distribution des résultats
% des personnes avec chaque résultat
Percentile par nombre de réponses
Votre historique - résultats
Vous n’avez pas pris ce quiz